| 000 | 00452cam a2200181 a 4500 | ||
|---|---|---|---|
| 020 | _a082478393X | ||
| 040 | _cDLC | ||
| 082 | 0 | 0 | _a581 M.D.E 1991 A062 Or. |
| 245 | 0 | 0 |
_aPlant roots : _bthe hidden half / |
| 260 |
_aNew York : _bM. Dekker, _cc1991. |
||
| 300 |
_axiii, 948 p. : _bill. ; _c26 cm. |
||
| 650 | 0 | _aRoots (Botany) | |
| 650 | 0 | _aRhizosphere. | |
| 700 | 1 | _aWaisel, Yoav. | |
| 700 | 1 | _aEshel, Amram, | |
| 700 | 1 | _aKafkafi, U. | |
| 942 | _cEK | ||
| 999 |
_c15151 _d15151 |
||